00503 2200205 4500001002100000008004100021035002000062245006400082100002000146250000600166260003000172300001200202084001400214082000800228650001300236990001200249990001200261990001200273990001200285INLIS000000000000775 ind  a0010-0524000010 aPanduan Pendidikan Anti Korupsi Untuk SiswacYugha Erlangga aErlangga, Yugha a1 aJakarta :bErlanggac2014 a102 hlm a300 YUG p a300 aNonFiksi a0740392 a0740393 a0740394 a0740395